000 00659nam a2200229Ia 4500
003 OSt
005 20220925174344.0
006 a|||||r|||| 00| 0
007 ta
008 220923b |||||||| |||| 00| 0 eng d
037 _cGeneral Book
040 _aRTL
_cRTL
_beng
041 _2eng
_aeng
082 _aX:77, L6/SC
100 _aGUPTA Ranjit Das
_9246635
245 0 _aProblems of economic transition
_b Indian case study
260 _aCalcutta
_bNational publishers
_c1976
300 _axv,416p.
_ccm.
500 _aAppendices : 385-404P.
942 _hX:77, L6/SC
_cGB
_2CC
999 _c490745
_d490745